000 00610 a2200169 4500
003 Nust
005 20230120121122.0
040 _cNust
082 _a808.82,SHA
100 _aHemry,V
_9107234
245 _aKing Henry V
260 _aLondon
300 _a206:p
505 _aIntroduction (Pages-vii-xxxvi), King Heney V (Pages-1-110), Notes (Pages-111-186), Glossary (Pages-187-202), Appendix (Pages-203-214), Extracts from Holinshed (Pages-215-230), Hints on Metre (Pages-231-242), Hints on Shakespeare’s English (Pages-243-246), Indexes (Pages 247-256).
650 _aDRAMA
_9107235
942 _2ddc
_cBK
999 _c186825
_d186825